[Event "Glorney Cup"]
[Site "Cardiff"]
[Date "2022.07.21"]
[Round "6.4"]
[White "Wu, Yuxuan1111"]
[Black "Whalley, Oliver"]
[Result "0-1"]
[WhiteElo "1468"]
[BlackElo "1636"]
[PlyCount "66"]
[EventDate "2022.07.19"]
[EventType "team-tourn"]
[EventRounds "6"]
[EventCountry "WLS"]
[SourceTitle "CBM 210 Extra"]
[Source "ChessBase"]
[SourceDate "2022.11.30"]
[SourceVersion "1"]
[SourceVersionDate "2022.11.30"]
[SourceQuality "1"]
[WhiteTeam "Wales"]
[BlackTeam "Scotland"]
[WhiteTeamCountry "WLS"]
[BlackTeamCountry "SCO"]

1. d4 d5 2. c4 e6 3. Nc3 Be7 4. cxd5 exd5 5. Bf4 c6 6. Qc2 Bd6 7. Bxd6 Qxd6 8. e3 Nf6 9. h3 0-0 10. Bd3 b6 11. Nf3 Ba6 12. 0-0 Bxd3 13. Qxd3 Nbd7 14. Rfd1 Rfe8 15. Rac1 Rac8 16. a3 a5 17. Nd2 Qe7 18. Nf1 b5 19. Ng3 Nb6 20. Nce2 Nc4 21. Rc2 a4 22. Nf4 Ne4 23. Nxe4 Qxe4 24. Qxe4 Rxe4 25. Nd3 f5 26. Rdc1 g5 27. g3 Kg7 28. Ne5 f4 29. gxf4 gxf4 30. Nxc4 bxc4 31. Re2 Kf6 32. Rce1 f3 33. Rd2 Rg8+ 0-1